| 000 | 00749na a2200253 4500 | ||
|---|---|---|---|
| 001 | 21992 | ||
| 003 | MIRAKIL | ||
| 005 | 20181213155147.0 | ||
| 008 | 170209b tu 000 0 | ||
| 035 | _a14074 | ||
| 040 |
_aMilas _btur _cTR-AnCHP |
||
| 041 | _atur | ||
| 082 |
_a353.0313 _bY44h 1997 |
||
| 090 | _a353.0313 Y44h 1997 | ||
| 100 |
_aYılmaz, Mesut _cBaşbakan |
||
| 245 |
_aHizmete başlarken _b(TV. Konuşması) _cMesut Yılmaz |
||
| 260 |
_aAnkara _bBaşbakanlık Basımevi _c1997 |
||
| 300 |
_a10 s. _c21 sm. |
||
| 600 |
_aYılmaz, Mesut _xSöylev ve demeçler |
||
| 650 |
_aHükümet programları _xTürkiye |
||
| 650 |
_aBaşbakanlar _xKonuşmalar |
||
| 651 |
_aTürkiye _xHükümet programları _yUygulamalar |
||
| 942 |
_2ddc _cBKS |
||
| 999 |
_c7704 _d7704 |
||